| 000 | 00719nam a22002297a 4500 | ||
|---|---|---|---|
| 005 | 20230512222114.0 | ||
| 008 | 180524t xxu||||| |||| 00| 0 eng d | ||
| 020 | _a1582552274 | ||
| 040 | _cCSPC | ||
| 082 | 0 |
_a616.0472 _bP16 |
|
| 110 | 0 | _aLippincott Williams & Wilkins. | |
| 245 | 0 | 0 | _aPain management made incredibly easy! |
| 260 |
_aPhiladelphia : _bLippincott Williams & Wilkins ; _c2003. |
||
| 300 |
_avi, 346 pages : _bfigures, tables ; _c24 cm. |
||
| 500 | _aIncludes Index. | ||
| 650 | 1 | 0 | _aPain--Treatment. |
| 650 | 1 | 0 | _aAnalgesia. |
| 940 | _ayves | ||
| 942 |
_cBOOK _jNUR 616.0472 P16 2003 |
||
| 999 |
_c4913 _d4913 |
||